<?xml version="1.0" encoding="UTF-8"?>
<record
    xmlns:xsi="http://www.w3.org/2001/XMLSchema-instance"
    xsi:schemaLocation="http://www.loc.gov/MARC21/slim http://www.loc.gov/standards/marcxml/schema/MARC21slim.xsd"
    xmlns="http://www.loc.gov/MARC21/slim">

  <leader>01136nam a22002057a 4500</leader>
  <datafield tag="952" ind1=" " ind2=" ">
    <subfield code="0">0</subfield>
    <subfield code="1">0</subfield>
    <subfield code="2">ddc</subfield>
    <subfield code="4">0</subfield>
    <subfield code="7">0</subfield>
    <subfield code="8">NFIC</subfield>
    <subfield code="a">ASL</subfield>
    <subfield code="b">ASL</subfield>
    <subfield code="c">GEN</subfield>
    <subfield code="d">2020-09-17</subfield>
    <subfield code="e">Complementary</subfield>
    <subfield code="l">0</subfield>
    <subfield code="o">297.352 SHH</subfield>
    <subfield code="p">101168</subfield>
    <subfield code="r">2020-09-17 00:00:00</subfield>
    <subfield code="t">C-1</subfield>
    <subfield code="w">2020-09-17</subfield>
    <subfield code="y">BK</subfield>
  </datafield>
  <datafield tag="999" ind1=" " ind2=" ">
    <subfield code="c">18021</subfield>
    <subfield code="d">18021</subfield>
  </datafield>
  <controlfield tag="003">BDDh-ASL</controlfield>
  <controlfield tag="005">20231015025654.0</controlfield>
  <controlfield tag="008">200917b1989       ||||| |||| 001 0     d</controlfield>
  <datafield tag="040" ind1=" " ind2=" ">
    <subfield code="a">BDDh-ASL</subfield>
    <subfield code="c">BDDh-ASL</subfield>
    <subfield code="d">BDDh-ASL</subfield>
  </datafield>
  <datafield tag="041" ind1=" " ind2=" ">
    <subfield code="a">bengali </subfield>
  </datafield>
  <datafield tag="082" ind1=" " ind2=" ">
    <subfield code="a">297.352</subfield>
    <subfield code="b">SHH</subfield>
  </datafield>
  <datafield tag="100" ind1="1" ind2=" ">
    <subfield code="a">&#x9B8;&#x9BE;&#x996;&#x9BE;&#x993;&#x9AF;&#x9BC;&#x9BE;&#x9A4;&#x989;&#x9B2;&#x9CD;&#x9B2;&#x9BE;&#x9B9;, &#x995;&#x9BE;&#x99C;&#x9C0; &#x9AE;&#x9CB;&#x9B9;&#x9BE;&#x9AE;&#x9CD;&#x9AE;&#x9A6;</subfield>
    <subfield code="9">856</subfield>
  </datafield>
  <datafield tag="245" ind1="1" ind2=" ">
    <subfield code="a">&#x9B9;&#x99C;&#x9CD;&#x99C; &#x9AA;&#x9BE;&#x9B2;&#x9A8;&#x9C7;&#x9B0; &#x985;&#x9AD;&#x9BF;&#x99C;&#x9CD;&#x99E;&#x9A4;&#x9BE;, &#x9A4;&#x9BE;&#x9CE;&#x9AA;&#x9B0;&#x9CD;&#x9AF;, &#x9B6;&#x9BF;&#x995;&#x9CD;&#x9B7;&#x9BE; &#x993; &#x989;&#x9AA;&#x9AC;&#x9CD;&#x9A7;&#x9BF;/</subfield>
    <subfield code="c">&#x995;&#x9BE;&#x99C;&#x9C0; &#x9AE;&#x9CB;&#x9B9;&#x9BE;&#x9AE;&#x9CD;&#x9AE;&#x9A6; &#x9B8;&#x9BE;&#x996;&#x9BE;&#x993;&#x9AF;&#x9BC;&#x9BE;&#x9A4;&#x989;&#x9B2;&#x9CD;&#x9B2;&#x9BE;&#x9B9;&#x964; </subfield>
  </datafield>
  <datafield tag="246" ind1=" " ind2=" ">
    <subfield code="a">Hazz Paloner Oviggota, Tatporjo, Shikkha O Upolabdhi.</subfield>
  </datafield>
  <datafield tag="260" ind1=" " ind2=" ">
    <subfield code="a">&#x9A2;&#x9BE;&#x995;&#x9BE;: </subfield>
    <subfield code="b">&#x986;&#x9B9;&#x9AE;&#x9A6; &#x9AA;&#x9BE;&#x9AC;&#x9B2;&#x9BF;&#x9B6;&#x9BF;&#x982; &#x9B9;&#x9BE;&#x989;&#x9B8;, </subfield>
    <subfield code="c">&#x9E7;&#x9EF;&#x9EE;&#x9EF;&#x964; </subfield>
  </datafield>
  <datafield tag="300" ind1=" " ind2=" ">
    <subfield code="a">&#x9E7;&#x9ED;&#x9EE; &#x9AA;&#x9C3;&#x9B7;&#x9CD;&#x9A0;&#x9BE;: </subfield>
    <subfield code="b">&#x9AE;&#x9CD;&#x9AF;&#x9BE;&#x9AA;/</subfield>
    <subfield code="c">&#x9E8;&#x9E7; &#x9B8;&#x9C7;. &#x9AE;&#x9BF;.&#x964; </subfield>
  </datafield>
  <datafield tag="504" ind1=" " ind2=" ">
    <subfield code="a">&#x997;&#x9CD;&#x9B0;&#x9A8;&#x9CD;&#x9A5;&#x9AA;&#x99E;&#x9CD;&#x99C;&#x9BF; &#x993; &#x9A8;&#x9BF;&#x9B0;&#x9CD;&#x998;&#x9A8;&#x9CD;&#x99F; &#x9B8;&#x982;&#x9AF;&#x9C1;&#x995;&#x9CD;&#x9A4;&#x964; </subfield>
  </datafield>
  <datafield tag="650" ind1=" " ind2="0">
    <subfield code="9">857</subfield>
    <subfield code="a">&#x9B9;&#x99C;&#x9CD;&#x99C; &#x9AA;&#x9BE;&#x9B2;&#x9A8; </subfield>
    <subfield code="x">&#x9B9;&#x99C;&#x9CD;&#x99C; &#x9AA;&#x9BE;&#x9B2;&#x9A8;&#x9C7;&#x9B0; &#x985;&#x9AD;&#x9BF;&#x99C;&#x9CD;&#x99E;&#x9A4;&#x9BE;</subfield>
    <subfield code="x">&#x9B9;&#x99C;&#x9CD;&#x99C;&#x9C7;&#x9B0; &#x9A4;&#x9BE;&#x9CE;&#x9AA;&#x9B0;&#x9CD;&#x9AF; </subfield>
  </datafield>
  <datafield tag="942" ind1=" " ind2=" ">
    <subfield code="2">ddc</subfield>
    <subfield code="c">BK</subfield>
  </datafield>
</record>
